000 00309nam a22001457a 4500
008 221020b ||||| |||| 00| 0 eng d
020 _a071009012950
041 _aeng
080 _a618
082 _a618NIL
100 _a15.2
101 _aGINE
245 _aA CHILD IS BORN
_cNILSSON L
942 _2udc
_cBK
999 _c58627
_d58627